000 00554cam a22001457a 4500
008 180718b1957 xxu||||| |||| 00| 0 eng d
082 _aDx47 C295
100 _aCattell, David T.
245 _aSoviet diplomacy and the Spanish Civil war
_cby David T. Cattell
260 _aBerkeley
_bUniversity of California Press
_c1957
300 _a204p.
650 _aSoviet Union --Foreign relations --1917-1945
650 _aSpain --History --Civil War, 1936-1939 --Participation, Soviet
650 _aSpain --History --Civil War, 1936-1939 --Participation, Foreign
999 _c361858
_d361858